|
|
|
|
| LEADER |
00000nam0a2200000 4500 |
| 001 |
350532 |
| 005 |
20231102010318.0 |
| 035 |
|
|
|a (RuTPU)RU\TPU\retro\4655
|
| 035 |
|
|
|a RU\TPU\retro\4569
|
| 090 |
|
|
|a 350532
|
| 100 |
|
|
|a 20190206d1935 m y0rusy50 ca
|
| 101 |
0 |
|
|a rus
|
| 102 |
|
|
|a RU
|
| 105 |
|
|
|a y z 000zy
|
| 200 |
1 |
|
|a Трубадур
|e опера Джузеппе Верди
|f А. Д. Бушен
|g под ред. Р. А. Шапиро
|
| 205 |
|
|
|a 3-е изд.
|
| 210 |
|
|
|a Ленинград
|c Издание Лен. Гос. Акад. Театра Оперы и Балета им. С. М. Кирова
|d 1935
|
| 215 |
|
|
|a 40 с.
|
| 600 |
|
1 |
|a Верди
|b Д.
|c итальянский композитор
|f 1813-1901
|g Джузеппе
|2 stltpush
|3 (RuTPU)RU\TPU\pers\12617
|9 3576
|
| 606 |
1 |
|
|a Опера
|x Либретто
|2 stltpush
|3 (RuTPU)RU\TPU\subj\47028
|9 66096
|
| 610 |
1 |
|
|a театральные программы
|
| 610 |
1 |
|
|a оперные спектакли
|
| 610 |
1 |
|
|a артисты
|
| 610 |
1 |
|
|a сценарии
|
| 610 |
1 |
|
|a действия
|
| 610 |
1 |
|
|a итальянская музыка
|
| 610 |
1 |
|
|a 19 век
|
| 675 |
|
|
|a 782
|v 3
|
| 700 |
|
1 |
|a Бушен
|b А. Д.
|
| 702 |
|
1 |
|a Шапиро
|b Р. А.
|4 340
|
| 801 |
|
1 |
|a RU
|b 63413507
|c 20190204
|
| 801 |
|
2 |
|a RU
|b 63413507
|c 20190212
|g RCR
|
| 942 |
|
|
|c BK
|